Poda de los arbustos ornamentales /
Guardado en:
| Autor Principal: | |
|---|---|
| Formato: | Libro |
| Publicado: |
Madrid :
Mundi-prensa,
1994
|
| Materias: | |
| Etiquetas: |
Agregar Etiqueta
Sin Etiquetas, Sea el primero en etiquetar este registro!
|
| LEADER | 00570nam a22001815a 4500 | ||
|---|---|---|---|
| 001 | CEM.cems016753 | ||
| 005 | 20100531145444.0 | ||
| 008 | 130507s1994##################000#0#####d | ||
| 003 | CEMS | ||
| 082 | 0 | 4 | |a 634.95 |
| 100 | 1 | |a Salvador Palomo, Pedro José | |
| 245 | 1 | 0 | |a Poda de los arbustos ornamentales / |c Pedro José Salvador Palomo y Santiago Uribarrena Bollain |
| 260 | |a Madrid : |b Mundi-prensa, |c 1994 | ||
| 300 | |a 136 p. | ||
| 653 | |a Poda | ||
| 653 | |a Poda-árboles | ||
| 653 | |a árboles ornamentales-poda | ||
| 859 | |a CEMS |b BIB. CEMS - Agricultura |h 634.95 |i S38 |p A18722.95 |t Ej.1 | ||
